000 00989nam a2200265Ia 4500
003 OSt
005 20221005104935.0
006 a|||||r|||| 00| 0
007 ta
008 221004b |||||||| |||| 00| 0 hin d
020 _a8185999805 (hbk)
_cIndian Rupees 450
024 _a41114
037 _bGift, 10/01/2019,
_cTextual
040 _aCRL
_cCRL
_bhin
041 _2hin
_ahin
082 _aX:3M24, 152P5
100 _aठाकुर, खगेन्द्र, ले.
245 0 _aआज का वैचारिक संघर्ष और मार्क्सवाद
246 _aĀj kā vaichārik sangharṣha aur mārksavāda
260 _aदिल्ली
_bस्वराज प्रकाशन भारत
_c2005
300 _a247पृ0
_ccm.
650 _aअर्थशास्त्र
942 _hX:3M24, 152P5
_cTEXL
_2cc
999 _c1014260
_d1014260